000 00600nam a22001697a 4500
005 20251108171921.0
008 250721s1999 xx 000 0 ara d
082 1 4 _a409/عبد
100 1 _aعبد الجبار، عبد الجبار أحمد
245 1 0 _aلغة الأصابع والإشارات :
_bطرق التعبير والتفاهم بالإشارات في المجالات المختلفة /
264 1 _aالقاهرة :
_bمكتبةابن سينا،
_c1999.
300 _a173ص.
650 1 7 _aلغة الإشارة
650 1 7 _aالتعليم
942 _2ddc
_cBK
999 _c65893
_d65893